DNCE songs - Statistics

General Stats
  • This quiz has been taken 20 times
  • The average score is 10 of 16
Answers on the Grid
Answers color-coded by a green-red scale on the quiz's grid according to % correct below.
Body Moves
Zoom
Dancing Feet
Forever
Flamingo
Hollow
DNCE
Dance
Be Mean
Kissing Strangers
Naked
Move
Cake by the ocean
Man on Fire
TV in the morning
Jinx
Roar
Part of Me
22
Break free
New Rules
Something I need
Super Bass
Tik Tok
 
Answer Stats
Answer % Correct
Cake by the ocean
100%
Be Mean
80%
Body Moves
80%
Dance
80%
Dancing Feet
80%
DNCE
80%
Kissing Strangers
80%
Move
80%
Naked
80%
TV in the morning
80%
Jinx
60%
Zoom
60%
Man on Fire
40%
Flamingo
20%
Forever
20%
Hollow
20%
No matching quizzes found
Score Distribution
Percent of People with Each Score
Percentile by Number Answered
Your Score History
You have not taken this quiz